000 00734nam a2200217Ia 4500
005 20260704175958.0
008 260704s9999||||xx |||||||||||||| ||und||
020 _a9783447058094
_qhb
082 _a387.5095
_bSCH
100 _aSchottenhammer, Angela [ed.]
245 4 _aThe East Asian Mediterranean : maritime crossroads of culture, commerce and human migration
250 _ac.2008
260 _aWiesbaden
_bHarrassowitz Verlag
_c2008
300 _axix, 402p. ; 24cm.
490 _aEast Asian economic and socio-cultural studies ; 6
653 _aEast Asia--Commerce--History
653 _aNavigation--East Asia--History
653 _aShipping--East Asia--History
653 _aShipping--East Asia--History
942 _cBK
999 _c57392
_d57392